ঢাকায় গেরিলাযুদ্ধ ১৯৭১ : Guerrilla War in Dhaka 1971 :: (Record no. 17645)

MARC details
000 -LEADER
fixed length control field 01773nam a22002777a 4500
003 - CONTROL NUMBER IDENTIFIER
control field BDDh-ASL
005 - DATE AND TIME OF LATEST TRANSACTION
control field 20231107130426.0
008 - FIXED-LENGTH DATA ELEMENTS--GENERAL INFORMATION
fixed length control field 170619b2016 bg ab||| |||| 001 0 eng
020 ## - INTERNATIONAL STANDARD BOOK NUMBER
International Standard Book Number 9789843327109
037 ## - SOURCE OF ACQUISITION
Source of stock number/acquisition Asiatic Society of Bangladesh publication
Terms of availability tk 500
040 ## - CATALOGING SOURCE
Original cataloging agency BDDh-ASL
Transcribing agency BDDh-ASL
041 ## - LANGUAGE CODE
Language code of text/sound track or separate title ben
082 ## - DEWEY DECIMAL CLASSIFICATION NUMBER
Classification number 954.922
Item number DHA
245 00 - TITLE STATEMENT
Title ঢাকায় গেরিলাযুদ্ধ ১৯৭১ : Guerrilla War in Dhaka 1971 ::
Remainder of title Celebration of 400 Years of Capital Dhaka 1608-2008 /
Statement of responsibility, etc. সম্পাদক, ড. আবু মোঃ দেলোয়ার হোসেন, ড. এ কে এম গোলাম রব্বানী ; প্রধান সম্পাদক, ড. শরীফ উদ্দিন আহমেদ
246 ## - VARYING FORM OF TITLE
Title proper/short title Dhakai Garilla Juddho, Dhakay Garilla Juddho, ঢাকায় পেরিলা যুদ্ধ ১৯৭১
260 ## - PUBLICATION, DISTRIBUTION, ETC.
Place of publication, distribution, etc. ঢাকা:
Name of publisher, distributor, etc. বাংলাদেশ এশিয়াটিক সোসাইটি,
Date of publication, distribution, etc. ২০১৬, ২০২৩.
300 ## - PHYSICAL DESCRIPTION
Extent ৩৬৮ পৃ.:
Other physical details ছবি, ম্যাপ;
Dimensions ২২ সে.মি.
440 ## - SERIES STATEMENT/ADDED ENTRY--TITLE
Title Asiatic Society of Bangladesh publication;
Volume/sequential designation no. 115.20
9 (RLIN) 312
490 ## - SERIES STATEMENT
Series statement Celebration of 400 Years of Capital Dhaka 1608-2008;
Volume/sequential designation v- 20
504 ## - BIBLIOGRAPHY, ETC. NOTE
Bibliography, etc. note Includes bibliographical references and index
650 ## - SUBJECT ADDED ENTRY--TOPICAL TERM
Topical term or geographic name entry element Dhaka Study
General subdivision Guerrilla War 1971
-- Liberation War 1971
Geographic subdivision Bangladesh
9 (RLIN) 490
700 ## - ADDED ENTRY--PERSONAL NAME
Relationship সম্পাদক
Personal name হোসেন, ড. আবু মোঃ দেলোয়ার
9 (RLIN) 491
700 ## - ADDED ENTRY--PERSONAL NAME
Relationship সম্পাদক
Personal name রব্বানী, ড. এ কে এম গোলাম
9 (RLIN) 492
700 ## - ADDED ENTRY--PERSONAL NAME
Relationship প্রধান সম্পাদক
Personal name আহমেদ, ড. শরীফ উদ্দিন
9 (RLIN) 493
942 ## - ADDED ENTRY ELEMENTS (KOHA)
Source of classification or shelving scheme Dewey Decimal Classification
Koha item type Books
Holdings
Withdrawn status Lost status Source of classification or shelving scheme Damaged status Not for loan Collection code Home library Current library Shelving location Date acquired Source of acquisition Serial Enumeration / chronology Total Checkouts Full call number Barcode Date last seen Copy number Price effective from Koha item type Public note
    Dewey Decimal Classification     Non-fiction Asiatic Society Library Asiatic Society Library General Stacks 06/19/2017 ASB Publications ASP-115   954.922 DHA 100651 06/19/2017 C-1,V-20 06/19/2017 Books Y-2016
    Dewey Decimal Classification     Non-fiction Asiatic Society Library Asiatic Society Library General Stacks 06/19/2017 ASB Publications ASP-115   954.922 DHA 100652 06/19/2017 C-2,V-20 06/19/2017 Books Y-2016
    Dewey Decimal Classification     Non-fiction Asiatic Society Library Asiatic Society Library General Stacks 06/19/2017 ASB Publications ASP-115   954.922 DHA 100653 06/19/2017 C-3,V-20 06/19/2017 Books Y-2016
    Dewey Decimal Classification     Non-fiction Asiatic Society Library Asiatic Society Library General Stacks 11/27/2021 ASB Publications ASP-115   954.922 DHA 115664 11/27/2021 C-4,V-20 11/27/2021 Books Y-2016
    Dewey Decimal Classification     Non-fiction Asiatic Society Library Asiatic Society Library General Stacks 11/27/2021 ASB Publications ASP-115   954.922 DHA 115665 11/27/2021 C-5,V-20 11/27/2021 Books Y-2016
    Dewey Decimal Classification     Non-fiction Asiatic Society Library Asiatic Society Library General Stacks 11/07/2023 ASB Publications ASP-115   954.922 DHA 125096 11/07/2023 C-6,V-20 11/07/2023 Books Y-2023
    Dewey Decimal Classification     Non-fiction Asiatic Society Library Asiatic Society Library General Stacks 11/07/2023 ASB Publications ASP-115   954.922 DHA 125097 11/07/2023 C-7,V-20 11/07/2023 Books Y-2023
    Dewey Decimal Classification     Non-fiction Asiatic Society Library Asiatic Society Library General Stacks 11/07/2023 ASB Publications ASP-115   954.922 DHA 125098 11/07/2023 C-8,V-20 11/07/2023 Books Y-2023
    Dewey Decimal Classification     Non-fiction Asiatic Society Library Asiatic Society Library General Stacks 11/07/2023 ASB Publications ASP-115   954.922 DHA 125099 11/07/2023 C-9,V-20 11/07/2023 Books Y-2023
    Dewey Decimal Classification     Non-fiction Asiatic Society Library Asiatic Society Library General Stacks 11/07/2023 ASB Publications ASP-115   954.922 DHA 125100 11/07/2023 C-10,V-20 11/07/2023 Books Y-2023

Powered by Koha